00520nam a22001812 4500001001100000005001700011008004100028020001700069040001500086100003300101245007000134250001300204260003600217300001900253650003500272650002800307852000300335000001190020151217152103.0090119s xx 000 0 eng d a0135046459 : aKABUcKABU1 aKeown, Arthur J.@000016794810aPersonal finance :bturning money into wealth /cArthur J. Keown. a4th ed. aLondon :bPearson Educ.,c2007. axxxi, 640. p. 0aFinance, Personal.@0000152441 0aInvestment.@00001679491